000 00850nam a2200241 i 4500
001 bg
003 BPK
005 20221223124512.0
008 990506s1927 pl a e |000 0 pol d
040 _aWA N
_cBPK
080 _a0/9
080 _a(03)
655 _aEncyklopedie polskie
999 _c11095
_d11095
999 _bxxx
245 0 0 _aIlustrowana encyklopedja Trzaski, Everta i Michalskiego.
_nT. 1,
_pA-E /
_coprac. pod red. Stanisława Lama.
246 3 _aIlustrowana encyklopedia Trzaski, Everta i Michalskiego
260 _aWarszawa :
_bTrzaska, Evert i Michalski,
_c[1927].
300 _a1088 łamów, 24 k. tabl. :
_bil. ;
_c24 cm.
500 _aCałość obejmuje 6 t.
700 1 _aLam, Stanisław
_d(1891-1965).
_eOprac.
942 _2UKD
_cKS
856 _uhttp://koha.tu.koszalin.pl/cgi-bin/koha/opac-detail.pl?biblionumber=11095
_yKatalog online BPK